CORE PRINCIPLES IN CURRICULUM (Record no. 216491)

MARC details
000 -LEADER
fixed length control field 00504nam a22001697a 4500
008 - FIXED-LENGTH DATA ELEMENTS--GENERAL INFORMATION
fixed length control field 260122b |||||||| |||| 00| 0 eng d
020 ## - INTERNATIONAL STANDARD BOOK NUMBER
International Standard Book Number 978-9966-26-098-7
100 ## - MAIN ENTRY--PERSONAL NAME
Personal name SYOMWENE, ANNE
245 ## - TITLE STATEMENT
Title CORE PRINCIPLES IN CURRICULUM
260 ## - PUBLICATION, DISTRIBUTION, ETC.
Place of publication, distribution, etc. ELDORET, KENYA
Name of publisher, distributor, etc. UTAFITI FOUNDATION
Date of publication, distribution, etc. 2017
300 ## - PHYSICAL DESCRIPTION
Extent X, 278P.
500 ## - GENERAL NOTE
General note INCLUDES INDEX
650 ## - SUBJECT ADDED ENTRY
Topical term or geographic name entry element 1. CURRILUM PLANNING 2. EDUCATION - CURRICULA 3. CURRICULUM CHANGE
700 ## - ADDED ENTRY--PERSONAL NAME
Personal name NYANDUSI, CHARLES
942 ## - ADDED ENTRY ELEMENTS (KOHA)
Source of classification or shelving scheme Library of Congress Classification
Koha item type Long Loan Book

No items available.